| 000 | 02309nam a22002057a 4500 | ||
|---|---|---|---|
| 005 | 20260209143505.0 | ||
| 008 | 260202b ||||| |||| 00| 0 eng d | ||
| 040 | _cSSBUL | ||
| 041 | _aEnglish | ||
| 082 |
_223 _bT-57 Ph.D. |
||
| 100 | 0 |
_aNwe Ni Win. _b4 PhD-Hist-5 _965930 |
|
| 245 | 1 | 0 |
_aHistory of Kyaukse in Colonial Period(1886-1948) / _cNwe Ni Win. |
| 260 |
_aMandalay : _bUniversity of Mandalay, _c2011. |
||
| 300 |
_axxiii ,153 p. _bincludes maps,photographs and tables. _c29 cm. |
||
| 502 |
_aThis dissertation, on the title of "History of Kyaukse in Colonial Period(1886-1948)" is mentioned the development of agriculture in Kyaukse areathroughout history. Once, Kyaukse was known as barn of the Upper Myanmar, for its ample paddy production. This fundamental economicprivilege, getting well in Colonial Period, provided by sound administrationand advanced transport and communication system. In this way, Kyauksebecame one of the prominent districts in Upper Myanmar, among its adjacent places. The export economy prevailed in Kyaukse for its surplus productionon paddy and other cash crops. The majority of the people from Kyaukse area engaged in trade and commerce. The British, however, made a good contribution to laying down the law to use in governing the various levels. As regards anti-British movements, the patriots of Kyaukse took up whatever weapons they could get hold of and resisted when the British forces entered Kyaukse area. The leaders formed political associations for launching campaigns of anti-imperialist movements throughout the Colonial Period.There appeared political activists in Kyaukse District. Among them, the prominent leaders were Thakhin Ba Shwe Gyi. Thakhin Shwe Ôk, Thakhin Tin Shwe and Bo Khin Maung Lay. The Social developments could be seen the outcome of the economic progress. In brief, all round developments Colonial Kyaukse area is presented by using primary sources. _bPh.D. _cUniversity of Mandalay. _d2011. |
||
| 504 | _aincludes bibliography. | ||
| 505 |
_aContents
Introduction
Chapters
1.Historical Settings
2.The Economic Conditions
3.The Political Situation of Kyaukse
4.Social Conditions _rNwe Ni Win. _tHistory of Kyaukse in Colonial Period(1886-1948). |
||
| 650 |
_aKyaukse, Myanmar _xHistory _y(1886-1948) _965931 |
||
| 942 |
_2ddc _cREF |
||
| 999 |
_c47413 _d47413 |
||